000 00463nam a2200193Ia 4500
003 OSt
005 20230601141346.0
008 210423s1996 xx 000 0 und d
040 _cAL
041 _aeng
082 _a294.3
_223
_bAHID
100 _aAHIR (D C).
_9118164
245 _aDr Ambedkar on islam.
260 _aNew Delhi
_bDalit Sahitya Academy
_c1996
300 _a176
_bPB
365 _cINR
906 _aAmbedkar ; Dr ; islam.
942 _2ddc
_cBK
999 _c174677
_d174677